Towards better management; (Record no. 56754)
[ view plain ]
| 000 -LEADER | |
|---|---|
| fixed length control field | 00573cam a22002171 4500 |
| 001 - CONTROL NUMBER | |
| control field | sa 64001452 |
| 003 - CONTROL NUMBER IDENTIFIER | |
| control field | DLC |
| 005 - DATE AND TIME OF LATEST TRANSACTION | |
| control field | 20260227112002.0 |
| 008 - FIXED-LENGTH DATA ELEMENTS--GENERAL INFORMATION | |
| fixed length control field | 951013s1963 ii 000 0 eng |
| 010 ## - LIBRARY OF CONGRESS CONTROL NUMBER | |
| LC control number | sa 64001452 |
| 025 ## - OVERSEAS ACQUISITION NUMBER | |
| Overseas acquisition number | PL480:I-E-2451 |
| 035 ## - SYSTEM CONTROL NUMBER | |
| System control number | (OCoLC)33294924 |
| 040 ## - CATALOGING SOURCE | |
| Original cataloging agency | DLC |
| Transcribing agency | NSyU |
| Modifying agency | DLC |
| 042 ## - AUTHENTICATION CODE | |
| Authentication code | premarc |
| 050 00 - LIBRARY OF CONGRESS CALL NUMBER | |
| Classification number | HD31 |
| Item number | .T485 |
| 100 1# - MAIN ENTRY--PERSONAL NAME | |
| Personal name | Thandaveswara, Sri, |
| Dates associated with a name | 1910- |
| 245 10 - TITLE STATEMENT | |
| Title | Towards better management; |
| Remainder of title | six talks. |
| 260 ## - PUBLICATION, DISTRIBUTION, ETC. | |
| Place of publication, distribution, etc. | Bombay, |
| Name of publisher, distributor, etc. | Associated Industrial Services |
| Date of publication, distribution, etc. | [1963] |
| 300 ## - PHYSICAL DESCRIPTION | |
| Extent | 54 p. |
| Dimensions | 22 cm. |
| 650 #0 - SUBJECT ADDED ENTRY--TOPICAL TERM | |
| Topical term or geographic name entry element | Management. |
No items available.